Great Athlete by Country - Oceania - Statistics

General Stats
  • This quiz has been taken 18 times
  • The average score is 9 of 14
Answer Stats
Athlete Sport Country % Correct
Don Bradman Cricket Australia
93%
Vijay Singh Golf Fiji
93%
Jonah Lomu Rugby Union New Zealand
80%
David Tua Boxing Samoa
73%
Pita Taufatofua Taekwondo/Cross-Country Ski Tonga
67%
Roman Cress Track and Field Marshall Islands
60%
Dirngulbai Misech Swimming Palau
60%
Etimoni Timuani Soccer/Track & Field Tuvalu
60%
Scott Fiti Track and Field Federated States of Micronesia
53%
David Katoatau Weightlifting Kiribati
53%
Reanna Solomon Weightlifting Nauru
53%
Miller Pata Beach Volleyball Vanuatu
53%
Jenly Tegu Wini Weightlifting Solomon Islands
40%
Justin Olam Rugby League Papua New Guinea
33%
No matching quizzes found
Score Distribution
Percent of People with Each Score
Percentile by Number Answered
Your Score History
You have not taken this quiz